000 00535nam a22001817a 4500
005 20240508165459.0
010 _aENG-140191
020 _c1195.00
_a9789383514311
035 _aEN-123723
037 _bDBAD
082 _a781.4909542
100 _aSharma, Arurna
_965986
245 _aCompositions in Indian Music/
_cBy Aruna Sharma
260 _aNew Delhi
_bLucky International
_c2018
270 _bNew Delhi
_aH-16/1922, Sangam Vihar
_e110080
300 _a216p.
_c25cm(hb)
942 _2ddc
_cEN
_h781.4909542
_mSHA
999 _c202228
_d202228